Bilecik Bilecik Bilecik Bilecik Bilecik

Kırgızca-Türkçe Sözlük/ (Record no. 70147)

MARC details
000 -BAŞLIK
Sabit Uzunluktaki Kontrol Alanı 01101nam a22003377a 4500
001 - KONTROL NUMARASI
Control Dosyası 0069399
003 - KONTROL NUMARASI KİMLİĞİ
Kontrol Alanı KOHA_MİRAKIL
005 - EN SON İŞLEM TARİHİ ve ZAMANI
Kontrol Alanı 20260207004841.0
007 - FİZİKSEL TANIM SABİT ALAN - GENEL BİLGİ
Sabit uzunluklu kontrol alanı ta
008 - SABİT UZUNLUKTAKİ VERİ ÖGELERİ - GENEL BİLGİ
Sabit Alan 230919b2017 kg |||grd|||#0|||1|tur |
020 ## - ISBN - ULUSLARARASI STANDART KİTAP NUMARASI
Isbn 9789967315792
040 ## - KATALOGLAMA KAYNAĞI
Özgün Kataloglama Kurumu TR-BiSEU
Kataloglama Dili tur
Çeviri Kurumu TR-BiSEU
Açıklama Kuralları rda
041 0# - DİL KODU
Metin ya da ses kaydının dil kodu tur
-- kir
044 ## - YAYINLAYAN/ÜRETEN KURULUŞUN ÜLKE KODU
ISO country code kg
050 ## - SINIFLAMA ve YER NUMARASI
Sınıflama Numarası PL193
Yer Numarası .K57 2017
245 0# - ESER ADI BİLDİRİMİ
Başlık Kırgızca-Türkçe Sözlük/
Sorumluluk Bildirimi Ekrem Arıkoğlu, Cıldız Alimova, Rahat Askarova.
264 #1 - ÜRERİM, YAYIN, DAĞITIM ve TELİF BİLDİRİMİ
Yayın yeri Bişkek :
Yayınlayan Manas Üniversitesi
Yayın tarihi 2017
300 ## - FİZİKSEL TANIMLAMA
Sayfa, Cilt vb. ciltli; 24 cm.
336 ## - İÇERİK TÜRÜ
Content type term metin
Content type code txt
Source rdacontent
337 ## - MEDYA TÜRÜ
Media type term aracısız
Media type code n
Source rdamedia
338 ## - TAŞIYICI TÜRÜ
Carrier type term cilt
Carrier type code nc
Source rdacarrier
490 1# - DİZİ BİLDİRİMİ
Dizi Bildirimi Kırgızistan -Türkiye Manas Üniversitesi Yayınları ;
Cilt Numarası 26.
490 1# - DİZİ BİLDİRİMİ
Dizi Bildirimi Sözlük Dizisi ;
Cilt Numarası 6
650 #0 - KONU BAŞLIĞI EK GİRİŞ - KONU TERİMİ
Konusal terim veya coğrafi ad Kırgızca--Türkçe.
9 (RLIN) 134217
650 #0 - KONU BAŞLIĞI EK GİRİŞ - KONU TERİMİ
Konusal terim veya coğrafi ad Sözlük--Kırgızca--Türkçe.
9 (RLIN) 134218
650 #0 - KONU BAŞLIĞI EK GİRİŞ - KONU TERİMİ
Konusal terim veya coğrafi ad Dictionary--Kyrgyz--Turkish.
9 (RLIN) 134219
830 1# - SERİ EK GİRİŞİ - TEKBİÇİM ESER ADI
Tekbiçim Başlık Kırgızistan -Türkiye Manas Üniversitesi Yayınları ;
Volume number/sequential designation 26.
9 (RLIN) 134220
830 1# - SERİ EK GİRİŞİ - TEKBİÇİM ESER ADI
Tekbiçim Başlık Sözlük Dizisi ;
Volume number/sequential designation 6
9 (RLIN) 22781
907 ## - LOCAL DATA ELEMENT G, LDG (RLIN)
a Sözlük
942 ## - EK GİRİŞ ÖGELERİ (KOHA)
Source of classification or shelving scheme Library of Congress Classification
Koha item type Book
Holdings
Materyal Türü Kalıcı Konum Mevcut Konum Raf Yeri Koleksiyon Kodu Sınıflandırma Kaynağı Edinim Bilgisi Ana Konular Alt Konular Yer Numarası Cilt Bilgisi Demirbaş Numarası Fatura Tarihi Geri Çekilme Durumu Kayıp Durumu Hasarlı Durumu Kredi için değil Kayıt Tarih Toplam Ödünçverme Son Görülme Tarihi Son Kontrol Tarihi Genel / Bağış Notu
Danışma Kaynakları Prof. Dr. Azmi Özcan Kütüphanesi Prof. Dr. Azmi Özcan Kütüphanesi Birûni Salonu Referans Library of Congress Classification Bağış DİL VE EDEBİYAT Doğu Asya, Afrika, Okyanusya Dilleri ve Edebiyatları PL193 .K57 2017 c.1 0069399 02/02/2026       Ödünç verilmez 19/09/2023   17/03/2025 17/03/2025 Genel Bağış